000 00495nam a2200169Ia 4500
005 20250326123925.0
008 250326s9999 xx 000 0 und d
037 _aTextbook
040 _aFMSL
_beng
_cFMSL
041 _aeng
_2eng
084 _aSNIobX:8 M4
_qFMSL
100 _aPorter L W
_9736374
245 0 _aBehavior in organizations
_cPorter L W; Hackman J R
260 _aNew Delhi
_bNew Delhi, McGraw-Hill
_c1984
942 _cTB
_hSNIobX:8 M4
999 _c1271494
_d1271494